Alternatívne spôsoby zamestnávania v Slovenskej republike - agentúrne zamestnávanie a dočasné pridelenie

Problematika alternatívnych spôsobov zamestnávania s akcentom na právnu úpravu tzv agentúrneho zamestnávania, resp. zamestnávania v podobe tzv. dočasného pridelenia.

Na minha lista:
Detalhes bibliográficos
Autor principal: Hamuľák, Juraj
Formato: Capítulo de Livro
Idioma:eslovaco
Assuntos:
Tags: Adicionar Tag
Sem tags, seja o primeiro a adicionar uma tag!

MARC

LEADER 00000naa a2200000 4500
001 0209697
005 20221019165322.1
041 0 |a slo 
044 |a SK 
245 1 0 |a Alternatívne spôsoby zamestnávania v Slovenskej republike - agentúrne zamestnávanie a dočasné pridelenie  |c Juraj Hamuľák 
520 |a Problematika alternatívnych spôsobov zamestnávania s akcentom na právnu úpravu tzv agentúrneho zamestnávania, resp. zamestnávania v podobe tzv. dočasného pridelenia. 
610 2 0 |a zamestnávatelia 
610 2 0 |a agentúry 
610 2 0 |a analýza komparatívna 
610 2 0 |a zamestnanie 
610 2 0 |a úpravy právne 
610 2 0 |a zákonník práce 
100 1 |a Hamuľák, Juraj